000 01116cam a22003015a 4500
001 14810264
003 EG-ScBUE
005 20221004114048.0
008 070410t2007 njua f bf 001 0 eng d
020 _a9780471477556 (alk. paper)
020 _a0471477559 (alk. paper)
040 _aDNAL/DLC
_beng
_erda
_cDLC
_dBAKER
_dBTCTA
_dUKM
_dYDXCP
_dYDX
_dZQP
_dBON
_dAGL
_dCRH
_dDLC
_dEG-ScBUE
082 0 4 _a712
_bLAN
_222
245 0 0 _aLandscape architectural graphic standards /
_cLeonard Hopper, RLA, FASLA, editor-in-chief ; graphics editor Smith Maran Architects, graphics editor.
264 1 _aHoboken, New Jersey :
_bJohn Wiley & Sons, Inc.,
_c[2007]
264 4 _cc2007
300 _axiii, 1074 pages :
_billustrations ;
_c29 cm.
490 0 _aWiley graphic standards
504 _aIncludes bibliographical references and index.
650 7 _aLandscape architecture.
_2BUEsh
650 7 _aLandscape design.
_2BUEsh
651 _2BUEsh
653 _bENGARC
_cSeptember2015
655 _vReading book
700 1 _aHopper, Leonard J.,
_eeditor.
700 1 _aArchitects, Smith Maran,
_eeditor.
942 _2ddc
_cBB
999 _c20804
_d20776